Statistics for Pictures by Letter - D

Click here to take the quiz!

General Stats

  • This quiz has been taken 16,834 times
  • The average score is 11 of 15

Answer Stats

Answer % Correct
Dalmatian
97%
Denmark
95%
Disney
95%
Disco
95%
Daisy
90%
Dimple
89%
Dune
81%
Dollar
78%
Discus
78%
Dubai
77%
David
75%
Dover
68%
Delta
60%
Dickens
28%
Duomo
19%

Score Distribution

Percentile by Number Answered

Percent of People with Each Score

Your Score History

You have not taken this quiz